| 000 | 00553pam a2200193 a 4500 | ||
|---|---|---|---|
| 020 |
_a0-07-066913-9 _c |
||
| 040 | _aDRVU_517425 | ||
| 041 | _aeng | ||
| 100 |
_aLiu, Chung Laung _eAuthor |
||
| 245 |
_aElements of Discrete Mathematics _cChung Laung Liu and Durga Prasad Mohapatra _hPaper |
||
| 250 | _a3rd ed | ||
| 260 |
_aNew Delhi _bTata McGraw-Hill Education Private Limited _c2010 |
||
| 300 |
_a547p. _bill. _c19 cm |
||
| 365 |
_aRS265.00 _eP.B. |
||
| 500 | _aDUL | ||
| 504 | _aIncludes Index | ||
| 700 | _aMohapatra, Durga Prasad | ||
| 930 | _a8891 | ||
| 999 |
_c85797 _d85797 |
||